000 00654nam a2200205 i 4500
001 bg
245 0 0 _aStatystyka - zbiór zadań :
_bpraca zbiorowa /
_cpod red. Heleny Kassyk-Rokickiej ; aut.
_nH. Kassyk-Rokicka [et al.].
260 _aWarszawa :
_bPolskie Wydaw. Ekonomiczne,
_c1997.
300 _a299, [1] s. :
_bwykr. ;
_c21 cm.
650 9 _aStatystyka gospodarcza
_xmetody
655 _aPodręczniki akademickie
700 1 _aKASSYK-ROKICKA, Helena.
_eRed.
020 _a8320811074
040 _cBPK
041 0 _apl
080 _a33:311.3:519.2](075.8)
920 _a83-208-1107-4
942 _cKS
008 s pl f |000 0 pol
999 _c31758
_d31758
856 _uhttp://koha.tu.koszalin.pl/cgi-bin/koha/opac-detail.pl?biblionumber=31758
_yKatalog online BPK